| 000 | 00686cam a22002292 4500 | ||
|---|---|---|---|
| 001 | 0000004144 | ||
| 005 | 20151021151102.0 | ||
| 008 | 070521s xx 000 0 eng d | ||
| 020 |
_a0321210263 : _cKES 1,695 |
||
| 040 |
_aKABU _cKABU |
||
| 050 | 0 |
_aQA76.758 _b.S66 2004 |
|
| 100 | 1 |
_aSommerville, Ian. _@0000154555 |
|
| 245 | 1 | 0 | _aSoftware engineering. |
| 250 | _a7th ed. | ||
| 260 |
_aBoston : _bAddison-Wesley, _c2004. |
||
| 300 | _axxii, 759 p. | ||
| 650 | 0 |
_aSoftware engineering. _@0000154311 |
|
| 908 | _a070521 | ||
| 950 | _@1 | ||
| 999 |
_c514 _d514 |
||